000 00951cad a22001935a 4500
001 L153860
008 110914s2011 xxk f 000 0 eng d
035 _a(Sirsi) u153860
041 0 _aeng
110 2 _aSCI-Network
_95976
245 0 0 _aSCI-Network
_bsustainable construction and innovation through procurement
_h[electronic resource]
260 _aLondon
_bSCI-Network
_c2011
520 _aWebsite of SCI-Network which is a growing European network of public authorities working together to find new, sustainable construction solutions, and encourage innovation in construction procurement. Working groups, discussion forum, events across Europe, useful links to other organisations, case studies, construction procurement tools, innovative technologies, and reports.
590 _aKA NTK
651 4 _aEurope
690 _aProcurement
_96260
856 4 0 _uhttps://www.sci-network.eu/home/
_zView the website at www.sci-network.eu
942 _n0
999 _c112731
_d112731